Normal view MARC view
  • Baride Arya V - 2K91011

Entry Personal Name

Number of records used in: 1

001 - CONTROL NUMBER

  • control field: 118918

003 - CONTROL NUMBER IDENTIFIER

  • control field: OSt

005 - DATE AND TIME OF LATEST TRANSACTION

  • control field: 20230128171336.0

008 - FIXED-LENGTH DATA ELEMENTS

  • fixed length control field: 230128|| aca||aabn | a|a d

040 ## - CATALOGING SOURCE

  • Original cataloging agency: OSt
  • Transcribing agency: OSt

100 ## - HEADING--PERSONAL NAME

  • Personal name: Baride Arya V - 2K91011

670 ## - SOURCE DATA FOUND

  • Source citation: Work cat.: (OSt)97216: Baride Arya V - 2K91011, Reduction & Control of Internal Shared Services for Cummins Emission Solutions India & Cummins Exhaust India Limited, 2011